| 000 | 02159nam a2200361 a 4500 | ||
|---|---|---|---|
| 001 | ebr10728348 | ||
| 003 | CaPaEBR | ||
| 006 | m o u | ||
| 007 | cr cn||||||||| | ||
| 008 | 130401s2013 enka sbf 001 0 eng d | ||
| 010 | _z 2013013320 | ||
| 020 | _z9780470671177 (pbk.) | ||
| 020 | _z9781118597712 (e-book) | ||
| 040 |
_aCaPaEBR _cCaPaEBR |
||
| 035 | _a(OCoLC)854569060 | ||
| 050 | 1 | 4 |
_aSF985 _b.S78 2013eb |
| 082 | 0 | 4 |
_a636.8089 _223 |
| 100 | 1 | _aSturgess, Kit. | |
| 245 | 1 | 0 |
_aNotes on feline internal medicine _h[electronic resource] / _cKit Sturgess. |
| 250 | _a2nd ed. | ||
| 260 |
_aChichester, West Sussex : _bWiley-Blackwell, _c2013. |
||
| 300 |
_axii, 428 p. : _bill. |
||
| 490 | 0 | _aNotes on | |
| 504 | _aIncludes bibliographical references and index. | ||
| 505 | 0 | _asection 1. Key topics in feline medicine -- section 2. Clinical signs -- section 3. Common abnormalities of haematology, biochemistry and urinalysis -- section 4. Organ systems -- section 5. Infectious disease. | |
| 520 | _a"A unique text providing a quick, accessible, comprehensive, practical guide to help clinicians get started with a problem-solving approach to a sick cat. Published as part of the 'Notes on' series, it is written in an accessible note-based style, giving readers quick access to the most recent clinical and diagnostic guidance. This new edition includes new sections on sedation and anaesthesia, health screening, oncology, algorithms for critical care and practical tips on diagnostic techniques. The focus is on common conditions, and the second edition has been improved to avoid repetition of information"--Provided by publisher. | ||
| 533 |
_aElectronic reproduction. _bPalo Alto, Calif. : _cebrary, _d2013. _nAvailable via World Wide Web. _nAccess may be limited to ebrary affiliated libraries. |
||
| 650 | 0 |
_aCats _xDiseases _vHandbooks, manuals, etc. |
|
| 650 | 0 |
_aVeterinary internal medicine _vHandbooks, manuals, etc. |
|
| 655 | 7 |
_aElectronic books. _2local |
|
| 710 | 2 | _aebrary, Inc. | |
| 856 | 4 | 0 |
_uhttp://site.ebrary.com/lib/rucke/Doc?id=10728348 _zAn electronic book accessible through the World Wide Web; click to view |
| 999 |
_c37173 _d37173 |
||